000 00721nam a2200253Ia 4500
003 OSt
005 20220925235416.0
006 a|||||r|||| 00| 0
007 ta
008 220923b |||||||| |||| 00| 0 eng d
037 _cGeneral Book
040 _aRTL
_cRTL
_beng
041 _2eng
_aeng
082 _aX0gY, M3
100 _aHamsagar Ram S.
_9301284
245 0 _aEconomics of Choice
260 _a New Delhi
_bDCC BPR
_c1983
300 _a110p
_ccm.
490 _aDocumentation Certre for Corporate and Business Policy Research
500 _aBibliography: P 109-110
650 _aEconomics IRT Sociology
942 _hX0gY, M3
_cGB
_2CC
999 _c597308
_d597308